000 00309nam a2200133Ia 4500
008 190216s9999||||xx |||||||||||||| ||und||
100 _aLandau. L & Kitaigorodsky. A
245 0 _aMolecules
250 _a4th Ed.
260 _bMir Publishers
_c1986
300 _a244
650 _aPhysics
942 _cBK
999 _c33118
_d33118